[Event "St Louis Winter A 2018"]
[Site "Saint Louis USA"]
[Date "2018.11.05"]
[Round "1.1"]
[White "Shimanov, Aleksandr"]
[Black "Sasikiran, Krishnan"]
[Result "0-1"]
[WhiteTitle "GM"]
[BlackTitle "GM"]
[WhiteElo "2620"]
[BlackElo "2671"]
[WhiteFideId "4198603"]
[BlackFideId "5004985"]
[EventDate "2018.11.05"]

1. d4 Nf6 2. Bg5 d5 3. e3 c6 4. Bd3 Bg4 5. f3 Bh5 6. Ne2 Nbd7 7. Nbc3 e5 8. Qd2
Bb4 9. a3 Ba5 10. Ng3 Bg6 11. Nf5 O-O 12. O-O Bc7 13. g4 Re8 14. Rae1 h6 15. Bh4
Bxf5 16. Bxf5 Nf8 17. Na4 Ng6 18. Bxg6 fxg6 19. Nc5 g5 20. Bg3 b6 21. Na6 Bd6
22. dxe5 Bxe5 23. Bxe5 Rxe5 24. Nb4 Re6 25. c3 c5 26. Nc2 Qe8 27. Qd3 Qa4 28.
Re2 Rae8 29. Rfe1 a5 30. Rd1 R8e7 31. Rde1 Qc6 32. Rf1 a4 33. Rd2 b5 34. Rfd1
Rd7 35. Qf5 Rdd6 36. Kg2 Qe8 37. Qd3 Qc6 38. Qf5 Kf7 39. Kg1 Qe8 40. Qd3 Qb8 41.
Qf5 g6 42. Qd3 Rd7 43. Qf1 Qb7 44. Qf2 Rde7 45. Qg3 Kg7 46. Qf2 Rf7 47. Qg3 Kh7
48. Qg2 Qe7 49. Qe2 Qe8 50. Qg2 Qf8 51. Qe2 Qb8 52. Qg2 Kg7 53. Kh1 Qe8 54. Kg1
Re5 55. Qg3 Qe6 56. h3 Qe8 57. Qg2 Re6 58. Qg3 Qc6 59. Kg2 Qe8 60. Kg1 Kh7 61.
Qg2 Qb8 62. Kh1 Kg7 63. Kg1 Qc7 64. Kh1 Qb7 65. Kg1 Qa8 66. Kh1 Qc6 67. Kg1 Nd7
68. Rxd5 Nb6 69. Rd8 Nc4 70. e4 Ne5 71. Ne1 Ref6 72. Rb8 Nxf3+ 73. Nxf3 Rxf3 74.
Rdd8 Qxe4 75. Rg8+ Kh7 76. Rh8+ Kg7 77. Rhg8+ Kf6 78. Rb6+ Ke7 79. Rb7+ Qxb7 80.
Qe2+ Kf6 81. Qc2 Qd5 82. Rxg6+ Ke7 83. Qe2+ Kf8 0-1

[Event "St Louis Winter A 2018"]
[Site "Saint Louis USA"]
[Date "2018.11.05"]
[Round "1.2"]
[White "Xiong, Jeffery"]
[Black "Melkumyan, Hrant"]
[Result "1-0"]
[WhiteTitle "GM"]
[BlackTitle "GM"]
[WhiteElo "2675"]
[BlackElo "2668"]
[WhiteFideId "2047640"]
[BlackFideId "13302485"]
[EventDate "2018.11.05"]

1. d4 Nf6 2. c4 e6 3. Nf3 d5 4. g3 dxc4 5. Bg2 Bb4+ 6. Bd2 a5 7. Qc2 c5 8. dxc5
Bxc5 9. Na3 Nbd7 10. Nxc4 O-O 11. O-O b6 12. Ne1 Ba6 13. Bxa8 Qxa8 14. b3 Rc8
15. Qd1 Qd5 16. Rc1 Ne4 17. Nf3 Bxc4 18. bxc4 Qc6 19. Bf4 f6 20. Qd3 Nf8 21. Be3
e5 22. Nd2 Bxe3 23. Qxe3 Nc5 24. Nb3 Nb7 25. Qf3 Qxf3 26. exf3 Ne6 27. Rfd1 Rc7
28. f4 exf4 29. Nd4 Kf7 30. Rb1 fxg3 31. hxg3 Ng5 32. Rxb6 Rd7 33. Rbb1 Kg6 34.
Ne2 Rc7 35. Nf4+ Kf7 36. Nd5 Rd7 37. Nb6 Rc7 38. Rd7+ Rxd7 39. Nxd7 Nd8 40. Rb5
Nc6 41. Nb8 Nd4 42. Rxa5 Ngf3+ 43. Kg2 g5 44. c5 1-0

[Event "St Louis Winter A 2018"]
[Site "Saint Louis USA"]
[Date "2018.11.05"]
[Round "1.3"]
[White "Sevian, Samuel"]
[Black "Swiercz, Dariusz"]
[Result "1/2-1/2"]
[WhiteTitle "GM"]
[BlackTitle "GM"]
[WhiteElo "2641"]
[BlackElo "2636"]
[WhiteFideId "2040506"]
[BlackFideId "1126881"]
[EventDate "2018.11.05"]

1. e4 c5 2. Nf3 d6 3. d4 cxd4 4. Nxd4 Nf6 5. Nc3 a6 6. Nb3 g6 7. Be2 Bg7 8. Be3
Nc6 9. Nd5 Nd7 10. Qc1 e6 11. Nc3 b5 12. Bh6 O-O 13. Bxg7 Kxg7 14. Qd2 Nf6 15.
a3 Ne5 16. Rd1 Bb7 17. f3 Nc4 18. Bxc4 bxc4 19. Nd4 Qe7 20. O-O e5 21. Nde2 Rfd8
22. Ng3 d5 23. Qg5 Kf8 24. Qh6+ Kg8 25. exd5 Nxd5 26. Nxd5 Rxd5 27. Rxd5 Bxd5
28. Rd1 Rd8 29. Qe3 Rd7 30. Kf2 Kg7 31. Ne2 f6 32. Nc3 Bf7 33. Rxd7 Qxd7 34. Ne4
Bd5 35. Nc3 Bf7 36. Ne4 Bd5 37. Nc5 Qb5 38. b4 cxb3 39. cxb3 a5 40. Qc3 Kf7 41.
b4 axb4 42. axb4 Qc4 43. Qxc4 Bxc4 44. Ke3 Ke7 45. g4 Bb5 46. h4 f5 47. gxf5
gxf5 48. f4 Kd6 49. fxe5+ Kxe5 50. Nd3+ Bxd3 51. Kxd3 Kd5 52. h5 Kc6 53. Ke3 Kb5
54. Kf4 Kxb4 55. Kxf5 Kc5 56. Kg5 Kd6 57. Kh6 Ke7 58. Kxh7 Kf7 59. h6 Kf8 60.
Kg6 Kg8 61. h7+ Kh8 62. Kh6 1/2-1/2

[Event "St Louis Winter A 2018"]
[Site "Saint Louis USA"]
[Date "2018.11.05"]
[Round "1.4"]
[White "Motylev, Alexander"]
[Black "Miroshnichenko, Evgenij"]
[Result "1-0"]
[WhiteTitle "GM"]
[BlackTitle "GM"]
[WhiteElo "2661"]
[BlackElo "2606"]
[WhiteFideId "4121830"]
[BlackFideId "14102595"]
[EventDate "2018.11.05"]

1. e4 e5 2. Nf3 Nf6 3. Nxe5 d6 4. Nd3 Nxe4 5. Qe2 Qe7 6. Nf4 Nf6 7. d4 Qxe2+ 8.
Bxe2 Bf5 9. c3 Nbd7 10. f3 h5 11. h4 d5 12. Nd2 Bd6 13. Nf1 Nf8 14. Ng3 Bd7 15.
Kf2 Ne6 16. Nd3 g6 17. Ne5 c5 18. Be3 Bc6 19. Rad1 cxd4 20. cxd4 Nd7 21. f4 Nxe5
22. dxe5 Bc7 23. Bf3 d4 24. Bd2 O-O-O 25. Rc1 Bxf3 26. Kxf3 Kb8 27. Ne4 Ng7 28.
Rhd1 Nf5 29. g3 d3 30. Bc3 Rhe8 31. Nf2 Bb6 32. Rxd3 Bxf2 33. Rxd8+ Rxd8 34.
Kxf2 b6 35. Be1 Rd3 36. Ke2 Re3+ 37. Kd2 Rf3 38. Rc6 Nxg3 39. Bxg3 Rxg3 40. Rf6
Kc8 41. Rxf7 Rg4 42. Ke3 Rxh4 43. Rxa7 Rg4 44. Rh7 Kd8 45. a4 Ke8 46. b4 1-0

[Event "St Louis Winter A 2018"]
[Site "Saint Louis USA"]
[Date "2018.11.05"]
[Round "1.5"]
[White "Robson, Ray"]
[Black "Quesada Perez, Yuniesky"]
[Result "0-1"]
[WhiteTitle "GM"]
[BlackTitle "GM"]
[WhiteElo "2676"]
[BlackElo "2612"]
[WhiteFideId "2023970"]
[BlackFideId "3504409"]
[EventDate "2018.11.05"]

1. c4 e5 2. g3 Nf6 3. Bg2 Nc6 4. Nf3 Bc5 5. O-O d6 6. e3 O-O 7. d4 Bb6 8. h3
exd4 9. exd4 h6 10. Nc3 a6 11. a3 Ne7 12. Re1 c6 13. d5 cxd5 14. cxd5 Ng6 15.
Be3 Re8 16. Qd2 Bd7 17. Bd4 Bxd4 18. Qxd4 Qc7 19. Nd2 Rac8 20. Rxe8+ Rxe8 21.
Qb4 a5 22. Qd4 Ne5 23. a4 Rc8 24. Bf1 h5 25. Ra3 Bf5 26. f4 Ng6 27. Nb5 Qd7 28.
Nc4 Rc5 29. Bg2 Bxh3 30. Nbxd6 b6 31. Bxh3 Qxh3 32. Ne4 Nxe4 33. Qxe4 h4 34.
gxh4 Qg4+ 35. Kf2 Nxf4 36. Qe8+ Kh7 37. Rg3 Nh3+ 38. Kg2 Qxc4 39. Kxh3 Qxd5 40.
Qe2 Qh1+ 41. Kg4 f5+ 42. Kh5 Qc6 43. Qd2 f4+ 44. Rg5 Qf3# 0-1

[Event "St Louis Winter A 2018"]
[Site "Saint Louis USA"]
[Date "2018.11.06"]
[Round "2.1"]
[White "Sasikiran, Krishnan"]
[Black "Quesada Perez, Yuniesky"]
[Result "1/2-1/2"]
[WhiteTitle "GM"]
[BlackTitle "GM"]
[WhiteElo "2671"]
[BlackElo "2612"]
[WhiteFideId "5004985"]
[BlackFideId "3504409"]
[EventDate "2018.11.05"]

1. e4 e5 2. Nf3 Nc6 3. Bb5 Nf6 4. O-O Nxe4 5. Re1 Nd6 6. Nxe5 Be7 7. Bf1 Nxe5 8.
Rxe5 O-O 9. d4 Bf6 10. Re1 Re8 11. c3 Rxe1 12. Qxe1 Nf5 13. Bf4 c6 14. Nd2 d5
15. a4 Nd6 16. a5 Bf5 17. Nf3 a6 18. Ne5 Bg5 19. Qe3 h6 20. Nf3 Bxf4 21. Qxf4 f6
22. Nd2 Qe7 23. c4 Qe6 24. c5 Nf7 25. Ra3 Qd7 26. Re3 Kf8 27. h4 g5 28. Qf3 Re8
29. Rxe8+ Kxe8 30. Be2 Qe6 31. hxg5 hxg5 32. Nf1 Qe4 33. Qe3 1/2-1/2

[Event "St Louis Winter A 2018"]
[Site "Saint Louis USA"]
[Date "2018.11.06"]
[Round "2.2"]
[White "Miroshnichenko, Evgenij"]
[Black "Robson, Ray"]
[Result "1/2-1/2"]
[WhiteTitle "GM"]
[BlackTitle "GM"]
[WhiteElo "2606"]
[BlackElo "2676"]
[WhiteFideId "14102595"]
[BlackFideId "2023970"]
[EventDate "2018.11.05"]

1. Nf3 d5 2. g3 Nf6 3. Bg2 g6 4. c4 c6 5. b3 a5 6. Bb2 Bg7 7. O-O O-O 8. Nc3 Ne4
9. cxd5 cxd5 10. d4 Bf5 11. Ne5 Nxc3 12. Bxc3 Qd6 13. Qd2 a4 14. e3 Nc6 15. Nxc6
Qxc6 16. Bb4 Qd7 17. Rac1 axb3 18. axb3 Rfc8 19. Rxc8+ Rxc8 20. Rc1 e6 21. Bf1
h5 22. h4 Rxc1 23. Qxc1 Qc6 24. Qxc6 bxc6 25. Ba6 Bc2 26. Bb7 Bxb3 27. Bxc6 Bf6
28. Bc5 Bd8 29. Bb4 Bd1 30. f4 Kg7 1/2-1/2

[Event "St Louis Winter A 2018"]
[Site "Saint Louis USA"]
[Date "2018.11.06"]
[Round "2.3"]
[White "Swiercz, Dariusz"]
[Black "Motylev, Alexander"]
[Result "1-0"]
[WhiteTitle "GM"]
[BlackTitle "GM"]
[WhiteElo "2636"]
[BlackElo "2661"]
[WhiteFideId "1126881"]
[BlackFideId "4121830"]
[EventDate "2018.11.05"]

1. d4 d5 2. c4 c6 3. Nf3 Nf6 4. Nc3 dxc4 5. a4 e6 6. e3 c5 7. Bxc4 cxd4 8. exd4
Nc6 9. O-O Be7 10. Qe2 O-O 11. Rd1 Nd5 12. Bd3 Bf6 13. h4 Re8 14. Bb1 g6 15. Bg5
Bxg5 16. hxg5 Nxc3 17. bxc3 Bd7 18. Qe3 Rc8 19. Nd2 Ne7 20. Ne4 Nd5 21. Qd2 Kg7
22. Nd6 Bxa4 23. Nxe8+ Bxe8 24. Rc1 Bb5 25. Rxa7 Ba6 26. c4 Ne7 27. Qb2 Kg8 28.
Be4 Nc6 29. Bxc6 Rxc6 30. d5 Rd6 31. Qf6 exd5 32. Ra8 Qxa8 33. Qxd6 Bxc4 34. Re1
Bb5 35. Qxd5 Bc6 36. Qe5 Qd8 37. Kh2 h6 38. gxh6 Qh4+ 39. Kg1 Qxh6 40. Rd1 Kh7
41. Rd3 Qc1+ 42. Kh2 g5 43. Rg3 Qf4 44. Qxg5 Qxg5 45. Rxg5 f6 46. Rc5 Kg6 47.
Kg3 Kf7 48. f3 Ke6 49. Kf4 Kd6 50. Rc1 Bd7 51. Rd1+ Ke6 52. g4 b5 53. Rd4 Bc6
54. Ke3 Bd5 55. f4 Bc4 56. Rd8 Ke7 57. Rb8 Be6 58. f5 Bc4 59. Rb6 Bf1 60. Kf4
Bc4 61. Kg3 Kf7 62. Rb7+ Ke8 63. Kh4 Kd8 64. Kh5 Kc8 65. Re7 b4 66. Re4 Bf7+ 67.
Kh6 b3 68. Kg7 Bd5 69. Rb4 Kd7 70. Kxf6 Kd6 71. g5 Kc5 72. Rb8 Bc4 73. g6 1-0

[Event "St Louis Winter A 2018"]
[Site "Saint Louis USA"]
[Date "2018.11.06"]
[Round "2.4"]
[White "Melkumyan, Hrant"]
[Black "Sevian, Samuel"]
[Result "1-0"]
[WhiteTitle "GM"]
[BlackTitle "GM"]
[WhiteElo "2668"]
[BlackElo "2641"]
[WhiteFideId "13302485"]
[BlackFideId "2040506"]
[EventDate "2018.11.05"]

1. c4 e5 2. Nc3 Nf6 3. Nf3 Nc6 4. e3 Bb4 5. Qc2 d6 6. Ne2 a5 7. a3 Bc5 8. d4 Ba7
9. d5 Ne7 10. Ng3 O-O 11. Bd3 c6 12. dxc6 bxc6 13. O-O Ng6 14. b4 Bg4 15. Nd2 d5
16. h3 Be6 17. Bb2 Bb8 18. Rfd1 Qe7 19. Bf1 h5 20. Be2 h4 21. Ngf1 Rc8 22. Bc3
Rd8 23. Nb3 Ne4 24. Be1 Bf5 25. Qb2 Ng5 26. Nxa5 Nxh3+ 27. Kh1 Rxa5 28. bxa5 Ng5
29. f3 Qf6 30. Nh2 Ba7 31. cxd5 cxd5 32. e4 dxe4 33. Rxd8+ Qxd8 34. Rd1 Qf6 35.
Qb7 Be3 36. a6 h3 37. g4 exf3 38. Bxf3 Bc2 39. Qc8+ Kh7 40. Qxc2 Nxf3 41. Qf5 e4
42. Qxf6 gxf6 43. Nxf3 exf3 44. Bg3 Ne5 45. Rf1 Nxg4 46. Rxf3 Ba7 47. Rb3 Kg6
48. Rb7 Be3 49. a7 Bxa7 50. Rxa7 f5 51. a4 f6 52. a5 1-0

[Event "St Louis Winter A 2018"]
[Site "Saint Louis USA"]
[Date "2018.11.06"]
[Round "2.5"]
[White "Shimanov, Aleksandr"]
[Black "Xiong, Jeffery"]
[Result "0-1"]
[WhiteTitle "GM"]
[BlackTitle "GM"]
[WhiteElo "2620"]
[BlackElo "2675"]
[WhiteFideId "4198603"]
[BlackFideId "2047640"]
[EventDate "2018.11.05"]

1. e4 c5 2. Nc3 d6 3. Bb5+ Bd7 4. Bxd7+ Nxd7 5. f4 g6 6. Nf3 Bg7 7. Qe2 e6 8.
Nb5 Qb8 9. Qd3 Ke7 10. O-O a6 11. Nc3 b5 12. Qe2 b4 13. Nd1 Ngf6 14. c4 bxc3 15.
Nxc3 Re8 16. e5 dxe5 17. fxe5 Ng4 18. d4 cxd4 19. Ng5 Nh6 20. Nxh7 Rh8 21. Nd5+
exd5 22. Bg5+ Ke6 23. Bxh6 Rxh7 24. Qg4+ Ke7 25. Qg5+ Ke8 26. Bxg7 Rxg7 27. Rae1
Rh7 0-1

[Event "St Louis Winter A 2018"]
[Site "Saint Louis USA"]
[Date "2018.11.07"]
[Round "3.1"]
[White "Xiong, Jeffery"]
[Black "Sasikiran, Krishnan"]
[Result "1/2-1/2"]
[WhiteTitle "GM"]
[BlackTitle "GM"]
[WhiteElo "2675"]
[BlackElo "2671"]
[WhiteFideId "2047640"]
[BlackFideId "5004985"]
[EventDate "2018.11.05"]

1. d4 Nf6 2. c4 g6 3. Nc3 d5 4. Bg5 Ne4 5. Bh4 Bg7 6. cxd5 Nxc3 7. bxc3 Qxd5 8.
e3 Qa5 9. Qd2 b6 10. Be2 Nd7 11. Bf3 Rb8 12. Ne2 Bb7 13. Bxb7 Rxb7 14. Qd3 e6
15. a4 c6 16. O-O O-O 17. Rfd1 Re8 18. Nc1 Qh5 19. Bg3 e5 20. Nb3 Qg4 21. Rab1
Rc7 22. a5 h6 23. c4 c5 24. h3 Qe6 25. axb6 axb6 26. d5 Qd6 27. Nd2 f5 28. Ra1
Kh7 29. Ra6 Qf8 30. Bh2 Ra8 31. Rda1 Rxa6 32. Rxa6 Qc8 33. Qa3 Rb7 34. Qa4 b5
35. cxb5 Nb6 36. Rxb6 Rxb6 37. Nc4 Rb8 38. Bxe5 Bxe5 39. Nxe5 Qb7 40. b6 Qxd5
41. Nd7 Ra8 42. Qb5 Ra1+ 43. Kh2 Qd6+ 44. f4 Qd1 45. Nf6+ Kg7 46. Nd5 Qg1+ 47.
Kg3 Qe1+ 48. Kh2 1/2-1/2

[Event "St Louis Winter A 2018"]
[Site "Saint Louis USA"]
[Date "2018.11.07"]
[Round "3.2"]
[White "Sevian, Samuel"]
[Black "Shimanov, Aleksandr"]
[Result "1/2-1/2"]
[WhiteTitle "GM"]
[BlackTitle "GM"]
[WhiteElo "2641"]
[BlackElo "2620"]
[WhiteFideId "2040506"]
[BlackFideId "4198603"]
[EventDate "2018.11.05"]

1. e4 c6 2. d4 d5 3. Nd2 dxe4 4. Nxe4 Bf5 5. Nc5 Nd7 6. Bd3 Bxd3 7. Nxd3 e6 8.
Nf3 Ngf6 9. O-O Be7 10. c4 c5 11. b3 O-O 12. Bb2 cxd4 13. Bxd4 Qc7 14. Qe2 Rad8
15. Rad1 Nc5 16. Qb2 Nxd3 17. Rxd3 Rd7 18. Rfd1 Rfd8 19. h3 a6 20. Ne5 Rd6 21.
Qe2 Nd7 22. Nf3 f6 23. Bc3 e5 24. Rxd6 Bxd6 25. Nh4 Nc5 26. Nf5 Bf8 27. Ne3
Rxd1+ 28. Qxd1 Ne6 29. Nd5 Qc6 30. Qg4 Kf7 31. Qh5+ Kg8 32. Qf5 b5 33. Qe4 Qd7
34. Bb4 Bxb4 35. Nxb4 a5 36. Nd5 Nd4 37. Nb6 Qd8 38. c5 Qc7 39. Qd5+ Kf8 40. a3
Qc6 41. Qd8+ Kf7 42. Nc8 Qxc5 43. Qd7+ Kf8 44. Qd8+ Kf7 45. Qd7+ Kf8 46. Qd8+ 1/2-1/2

[Event "St Louis Winter A 2018"]
[Site "Saint Louis USA"]
[Date "2018.11.07"]
[Round "3.3"]
[White "Motylev, Alexander"]
[Black "Melkumyan, Hrant"]
[Result "1/2-1/2"]
[WhiteTitle "GM"]
[BlackTitle "GM"]
[WhiteElo "2661"]
[BlackElo "2668"]
[WhiteFideId "4121830"]
[BlackFideId "13302485"]
[EventDate "2018.11.05"]

1. e4 e5 2. Nf3 Nc6 3. Bb5 Nf6 4. O-O Nxe4 5. Re1 Nd6 6. Nxe5 Be7 7. Bf1 Nxe5 8.
Rxe5 O-O 9. Nc3 Ne8 10. Nd5 Bd6 11. Re1 c6 12. Ne3 Bc7 13. Nf5 d5 14. Ne7+ Kh8
15. Nxc8 Rxc8 16. d3 f5 17. g3 Qf6 18. c3 Nd6 19. Qh5 Nf7 20. Be3 Bb6 21. Bxb6
axb6 22. Qe2 Nd6 23. Qe7 Kg8 24. Qxf6 Rxf6 25. c4 dxc4 26. dxc4 Kf8 27. Re3 Rc7
28. Rd1 g6 29. Rb3 Nc8 30. Rd8+ Kg7 31. Rbd3 Rf8 32. f4 Rxd8 33. Rxd8 Kf6 34.
Kf2 Ke6 35. Re8+ Ne7 36. Rh8 h5 37. Ra8 Rc8 38. Ra7 Rc7 39. Ke3 Nc8 40. Ra8 Re7
41. Bd3 Kd7+ 42. Kf2 Kc7 43. h4 Rd7 44. Ke3 Re7+ 45. Kd2 Rd7 46. Ke3 Re7+ 47.
Kd2 1/2-1/2

[Event "St Louis Winter A 2018"]
[Site "Saint Louis USA"]
[Date "2018.11.07"]
[Round "3.4"]
[White "Robson, Ray"]
[Black "Swiercz, Dariusz"]
[Result "0-1"]
[WhiteTitle "GM"]
[BlackTitle "GM"]
[WhiteElo "2676"]
[BlackElo "2636"]
[WhiteFideId "2023970"]
[BlackFideId "1126881"]
[EventDate "2018.11.05"]

1. c4 f5 2. b3 e5 3. Bb2 d6 4. d4 e4 5. d5 Nf6 6. e3 Be7 7. Nc3 O-O 8. Nge2 Ng4
9. Nd4 Bh4 10. g3 Bf6 11. Be2 Ne5 12. a3 a5 13. O-O Qe7 14. b4 Na6 15. Qb3 Kh8
16. Rad1 Bd7 17. Kg2 Rab8 18. Rd2 Qf7 19. Rfd1 Rbe8 20. Ne6 Bxe6 21. dxe6 Qxe6
22. Nd5 Nf3 23. Bxf3 exf3+ 24. Kxf3 Bxb2 25. Rxb2 f4 26. gxf4 c6 27. Nc3 Rxf4+
28. Ke2 Qg4+ 29. Kd3 axb4 30. axb4 Qf5+ 31. e4 Qh3+ 32. Kc2 Rxf2+ 33. Kb1 Rf3
34. Rc2 Qe6 35. Rcd2 Qe5 36. Kb2 Rf6 37. Qa3 Rh6 38. Qa5 Rxh2 39. Rxh2 Qxh2+ 40.
Kb3 c5 41. Qa2 Qxa2+ 42. Nxa2 cxb4 43. Rxd6 Nc5+ 44. Kxb4 Nxe4 45. Rd7 g5 46.
Nc3 Nxc3 47. Kxc3 g4 48. Rxb7 g3 49. Rb1 g2 50. c5 Rg8 51. Rg1 h5 52. c6 h4 53.
c7 h3 54. Kd3 Rc8 0-1

[Event "St Louis Winter A 2018"]
[Site "Saint Louis USA"]
[Date "2018.11.07"]
[Round "3.5"]
[White "Quesada Perez, Yuniesky"]
[Black "Miroshnichenko, Evgenij"]
[Result "1/2-1/2"]
[WhiteTitle "GM"]
[BlackTitle "GM"]
[WhiteElo "2612"]
[BlackElo "2606"]
[WhiteFideId "3504409"]
[BlackFideId "14102595"]
[EventDate "2018.11.05"]

1. e4 e5 2. Nf3 Nf6 3. Nxe5 d6 4. Nf3 Nxe4 5. d4 d5 6. Bd3 Nc6 7. O-O Be7 8.
Nbd2 Nd6 9. c3 Bf5 10. Bxf5 Nxf5 11. Qb3 Rb8 12. Re1 Qd7 13. Nf1 O-O 14. Bf4 Bd6
15. Bxd6 Qxd6 16. Re2 Rfe8 17. Rae1 Rxe2 18. Rxe2 g6 19. Ne3 Nxe3 20. Rxe3 b6
21. Qb5 a5 22. g3 Kg7 23. Kg2 Rd8 24. h4 h5 25. Qe2 Rd7 26. Ng5 Re7 27. Qf3 f6
28. Nh3 Rxe3 29. Qxe3 Ne7 30. Nf4 Kf7 31. a4 Qd7 32. b3 c6 33. Qd3 Qf5 34. Qxf5
Nxf5 35. Kf3 Ng7 36. b4 Nf5 37. bxa5 bxa5 38. Nd3 Nd6 39. Nc5 Nc4 40. Nb7 Nb6
41. Nxa5 Nxa4 42. Nxc6 1/2-1/2

[Event "St Louis Winter A 2018"]
[Site "Saint Louis USA"]
[Date "2018.11.08"]
[Round "4.1"]
[White "Sasikiran, Krishnan"]
[Black "Miroshnichenko, Evgenij"]
[Result "1/2-1/2"]
[WhiteTitle "GM"]
[BlackTitle "GM"]
[WhiteElo "2671"]
[BlackElo "2606"]
[WhiteFideId "5004985"]
[BlackFideId "14102595"]
[EventDate "2018.11.05"]

1. e4 e5 2. Nf3 Nf6 3. Nxe5 d6 4. Nf3 Nxe4 5. Nc3 Nxc3 6. dxc3 Be7 7. Be3 O-O 8.
Qd2 Nd7 9. O-O-O Nf6 10. Bd3 c5 11. Rhe1 Be6 12. Kb1 Qa5 13. c4 Qxd2 14. Bxd2
Rfe8 15. Ng5 Bd7 16. f3 Bc6 17. a3 h6 18. Ne4 Nxe4 19. Bxe4 Bxe4 20. Rxe4 Bf8
21. Bf4 g5 22. Bg3 f5 23. Ree1 Kf7 24. Kc1 Rxe1 25. Rxe1 Re8 26. Rxe8 Kxe8 27.
Kd2 Kd7 28. Be1 h5 29. h3 Bg7 30. b3 Ke6 31. Kd3 Bf6 32. a4 Bd8 33. g4 hxg4 34.
fxg4 fxg4 35. hxg4 a5 36. Ke4 b6 37. Bc3 Be7 38. Bg7 Bd8 39. Bb2 Be7 40. Bc1 Bd8
41. Be3 Be7 42. Bd2 Bd8 43. c3 Be7 44. b4 Bd8 45. Be1 Be7 46. Bf2 Bf6 47. Be1
Be7 48. b5 1/2-1/2

[Event "St Louis Winter A 2018"]
[Site "Saint Louis USA"]
[Date "2018.11.08"]
[Round "4.2"]
[White "Swiercz, Dariusz"]
[Black "Quesada Perez, Yuniesky"]
[Result "0-1"]
[WhiteTitle "GM"]
[BlackTitle "GM"]
[WhiteElo "2636"]
[BlackElo "2612"]
[WhiteFideId "1126881"]
[BlackFideId "3504409"]
[EventDate "2018.11.05"]

1. d4 Nf6 2. c4 e6 3. Nf3 d5 4. Nc3 c6 5. e3 Nbd7 6. Qc2 Bd6 7. b3 O-O 8. Be2 b6
9. O-O Bb7 10. Bb2 Qe7 11. Rfd1 Rac8 12. Rac1 Rfd8 13. g3 Ba3 14. Bxa3 Qxa3 15.
Ne5 Qe7 16. Qb2 Nxe5 17. dxe5 Nd7 18. f4 f6 19. exf6 Nxf6 20. Bf3 dxc4 21. bxc4
Qc5 22. Rxd8+ Rxd8 23. Nd1 e5 24. Qxe5 Qxe5 25. fxe5 Nd7 26. e6 Ne5 27. Be4 Bc8
28. e7 Re8 29. c5 b5 30. Nc3 Bg4 31. Rb1 Rxe7 32. a4 a6 33. axb5 axb5 34. Rb4
Ra7 35. Bc2 Ra1+ 36. Rb1 Ra3 37. Rb3 Ra1+ 38. Rb1 Nf3+ 39. Kf2 Rxb1 40. Bxb1
Nxh2 41. Na2 Nf3 42. Nb4 Ne5 43. Be4 Bd7 44. Ke2 Kf7 45. Kf2 h5 46. Ke2 Kf6 47.
Ke1 Kg5 48. Kf2 Kg4 49. Bg2 g5 50. Bf1 h4 51. gxh4 Kxh4 52. Bg2 g4 53. Na6 g3+
54. Kg1 Bg4 55. Nb4 Bf3 56. Bxf3 Nxf3+ 57. Kg2 Ne1+ 58. Kg1 Kh3 59. Nxc6 Nf3+ 0-1

[Event "St Louis Winter A 2018"]
[Site "Saint Louis USA"]
[Date "2018.11.08"]
[Round "4.3"]
[White "Melkumyan, Hrant"]
[Black "Robson, Ray"]
[Result "1/2-1/2"]
[WhiteTitle "GM"]
[BlackTitle "GM"]
[WhiteElo "2668"]
[BlackElo "2676"]
[WhiteFideId "13302485"]
[BlackFideId "2023970"]
[EventDate "2018.11.05"]

1. c4 e5 2. Nc3 Nf6 3. Nf3 Nc6 4. e3 Bb4 5. Qc2 Bxc3 6. Qxc3 Qe7 7. d4 Ne4 8.
Qd3 exd4 9. Nxd4 O-O 10. Be2 Qb4+ 11. Kf1 Qe7 12. f3 f5 13. Qd1 Nc5 14. Kf2 Qh4+
15. g3 Qe7 16. Nb5 d6 17. Nc3 Be6 18. Nd5 Qf7 19. b3 a5 20. Nf4 Bd7 21. Bb2 Rfe8
22. Bc3 Ne5 23. Qd4 Bc6 24. Rhf1 Ne6 25. Qd1 a4 26. h4 b6 27. Qd2 Rab8 28. Rac1
axb3 29. axb3 b5 30. Nxe6 Rxe6 31. Rfd1 h6 32. Bd4 bxc4 33. Bxe5 Rxe5 34. Bxc4
d5 35. Bf1 Bb5 36. Qd4 Re7 37. Bd3 Bxd3 38. Rxd3 Qe6 39. Rdc3 Kh7 40. b4 Qd6 41.
Rc5 Ra8 42. R1c2 Ra3 43. Re2 c6 44. b5 cxb5 45. Rxd5 Qc6 46. Rc5 Qe6 47. Qf4 Rf7
48. Rxb5 Ra1 49. Qe5 Qc4 50. Qxa1 Qxb5 51. Qb2 Rb7 52. Qxb5 Rxb5 53. h5 g6 54.
hxg6+ Kxg6 55. Rd2 Kg5 56. Kg2 Rb3 57. Re2 Ra3 58. Kh3 h5 59. f4+ Kg6 60. Kg2
Ra1 61. Rb2 Re1 62. Rb6+ Kg7 63. Re6 Ra1 64. Rd6 Rb1 65. Rd2 Kg6 66. Kf3 Rf1+
67. Ke2 Rg1 68. Rd8 Kg7 69. Rd5 Kg6 70. Kf2 Ra1 71. Rb5 Rc1 72. Ra5 Rb1 73. Ra6+
Kg7 74. Re6 Ra1 75. Kg2 Re1 76. Re8 Ra1 77. e4 fxe4 78. Rxe4 Kg6 79. Re5 Rb1 80.
Kf3 Rb3+ 81. Re3 Rb4 82. Ra3 Rc4 83. Ra6+ Kg7 84. Ra1 Kg6 85. Re1 Ra4 86. Re6+
Kg7 87. Rd6 Ra3+ 88. Kg2 Ra1 89. Rb6 Rc1 90. Rb8 Ra1 91. Rb3 Kg6 92. Kf3 Ra4 93.
Re3 Rb4 94. Re8 Rb3+ 95. Re3 Rb4 1/2-1/2

[Event "St Louis Winter A 2018"]
[Site "Saint Louis USA"]
[Date "2018.11.08"]
[Round "4.4"]
[White "Shimanov, Aleksandr"]
[Black "Motylev, Alexander"]
[Result "1-0"]
[WhiteTitle "GM"]
[BlackTitle "GM"]
[WhiteElo "2620"]
[BlackElo "2661"]
[WhiteFideId "4198603"]
[BlackFideId "4121830"]
[EventDate "2018.11.05"]

1. Nf3 d5 2. g3 Bg4 3. Bg2 Nf6 4. c4 c6 5. Ne5 Be6 6. cxd5 Bxd5 7. Nf3 c5 8. Nc3
Bc6 9. O-O e6 10. Re1 Nbd7 11. e4 e5 12. d3 Be7 13. Nh4 O-O 14. Nf5 Re8 15. f4
Bf8 16. a4 b6 17. b3 Nb8 18. Bb2 Bb7 19. fxe5 Rxe5 20. Nb5 Nc6 21. Qd2 a6 22.
Qg5 g6 23. Na3 Nd4 24. Nc4 Re6 25. Nxd4 cxd4 26. Bh3 h6 27. Qf4 Nh5 28. Qd2 Re8
29. Rf1 b5 30. axb5 axb5 31. Na5 Bc8 32. Nc6 Rxa1 33. Nxd8 Rxf1+ 34. Bxf1 Rxd8
35. Qa5 Be7 36. Qxb5 Ng7 37. Qb6 Ne6 38. Bh3 Rd6 39. Qa7 Rd7 40. Qb8 Rd8 41. b4
Bg5 42. Qb6 Nc5 43. Bxc8 Nxd3 44. Bxd4 Rxc8 45. b5 Be7 46. Qb7 Rc1+ 47. Kg2 Rc2+
48. Kf1 Bf8 49. b6 Nc5 50. Qa8 Ne6 51. Be5 Rc1+ 52. Ke2 Rc4 53. Bd6 Kg7 54.
Bxf8+ Nxf8 55. b7 Nd7 56. Qd8 Rxe4+ 57. Kf1 1-0